000 01343nac a22004930a 4500
001 PT50812
003 AR-LpoUNG
005 20210201005500.0
008 201001s2013||||ag |||||||||||||||||spa d
037 _c$23
040 _aAR-LpoUNG
_bspa
_eaacr
041 _aspa
044 _aag
082 0 _a982.12 154v4
100 1 _aPalacio, Juan Manuel
_edir.
245 1 0 _aDe la federalización de Buenos Aires al advenimiento del peronismo :
_b1880-1943
250 _a1ª ed.
260 _aBuenos Aires :
_bEdhasa - UNIPE,
_cagosto 2013.
300 _a467 p. :
_btbls., fot., mapas
_a(6
_fVolúmenes)
_3Impreso
490 0 _aHistoria de la provincia de Buenos Aires
650 4 _aANALISIS HISTORICO
650 4 _aCIUDADES
650 4 _aCOMERCIO
650 4 _aCULTURA
650 4 _aECONOMIA AGRICOLA
650 4 _aEXPORTACIONES
650 4 _aFACTORES CULTURALES
650 4 _aHACIENDA PUBLICA
650 4 _aHISTORIA
650 4 _aHISTORIA ECONOMICA
650 4 _aHISTORIA POLITICA
650 4 _aHISTORIA SOCIAL
650 4 _aINMIGRACION
650 4 _aPARTIDOS POLITICOS
650 4 _aPOLITICA
650 4 _aSINDICALISMO
650 4 _aSOCIEDAD
650 4 _aTRABAJADORES
651 4 _aArgentina
653 _aFRAUDE ELECTORAL
653 _aPROVINCIA DE BUENOS AIRES
905 _a50812
942 _cLIB
999 _c49827
_d49827